| 000 | 00370nam a22001577a 4500 | ||
|---|---|---|---|
| 999 |
_c3172 _d3171 |
||
| 005 | 20211022104544.0 | ||
| 008 | 160618b xxu||||| |||| 00| 0 eng d | ||
| 041 | _aeng | ||
| 082 | _b8266 | ||
| 100 |
_aChunawalla S A & Patel D.R. _96956 |
||
| 245 | _aProduction and Operations Mgt. | ||
| 260 |
_bHPH _c2009 |
||
| 300 | _a662 | ||
| 650 |
_aManagement _9241 |
||
| 942 | _cBK | ||